000 00409nam a2200157 a 4500
005 20230620063704.0
008 991125n197 [me 000 0 eng u
035 _aUPN01000040812
049 _aCG
050 4 _aHQ766
_bN37
245 0 0 _aNational family planning program /
260 _a[México] :
_bSSA,
_c[197-?].
300 _a47 p. :
_bil.
650 7 _aPlanificación familiar
_2
_91109
905 _aLibro
999 _c40812
_d40812